Ortadoğu halklarının vaveylasını [çığlığını] Arap Baharı Değişimleri susturur mu? (Record no. 9363)
[ view plain ]
| 000 -BAŞLIK | |
|---|---|
| Sabit Uzunlukta Kontrol Alanı | 00938na a2200277 4500 |
| 001 - KONTROL NUMARASI | |
| Denetim Alanı | 15402 |
| 003 - KONTROL NUMARASI IDENTIFIER | |
| Denetim Alanı | MIRAKIL |
| 005 - SON İŞLEM TARİHİ VE ZAMANI | |
| Denetim Alanı | 20181213155244.0 |
| 008 - SABİT-BOY VERİ ELEMANLARI - GENEL BİLGİLER | |
| Sabit Uzunlukta Kontrol Alanı | 161005b tu 000 0 |
| 035 ## - SİSTEM KONTROL NUMARASI | |
| Sistem Kontrol Numarası | 15402 |
| 040 ## - KATALOGLAMA KAYNAK | |
| Orijinal Kataloglama Ajansı | Milas |
| Kataloglama Dili | tur |
| Metne Dönüştürmek Ajansı | TR-AnCHP |
| 041 ## - DİL KODU | |
| Metin / Ses Parça Veya Ayrı Başlığın Dil Kodu | tur |
| 082 ## - DEWEY ONLU SINIFLANDIRMA NUMARASI | |
| Sınıflandırma Numarası | CHP 303.4 |
| Ürün Numarası | E25a [t.y] |
| 090 ## - SINIFLAMA NUMARASI | |
| Sınıflama Numarası | CHP 303.4 E25a [t.y] |
| 100 ## - ANA GİRİŞ - KİŞİSEL İSİM | |
| Kişisel Ad | Ediboğlu, Mehmet Ali |
| 245 ## - BAŞLIK TABLOSU | |
| Başlık | Ortadoğu halklarının vaveylasını [çığlığını] Arap Baharı Değişimleri susturur mu? |
| Sorumluluk Tablosu, Vb | Mehmet Ali Ediboğlu |
| 246 ## - UNVAN FORM VARYING | |
| Başlık Doğru / Kısa Başlığı | Arap Baharı değişimleri |
| 260 ## - YAYIN, DAĞITIM, VB | |
| Yayın, Dağıtım, Vb Yeri | [y.y] |
| Yayıncı, Dağıtıcı, Vs Adı | [ yayl. y.] |
| Yayın, Dağıtım, Vb Tarihi | [t.y] |
| 300 ## - FİZİKSEL TANIM | |
| Kapsam | 196 s. |
| Diğer Fiziksel Ayrıntıları | fotg. |
| Boyutlar | 24 sm. |
| 610 ## - KONU KATMA GİRİŞ - TOPLANTI ADI | |
| Giriş Elemanı Olarak Kurumsal Ad Veya Yargı Alanı Adı | CHP |
| Genel Alt Bölüm | Arap Baharı |
| Kronolojik Alt Bölüm | Soru önergeleri |
| 650 ## - KONU KATMA GİRİŞ - TOPİKAL DÖNEM | |
| Topikal Süreli Veya Coğrafi Ad Giriş Elemanı | Orta Doğu |
| Genel Alt Bölümü | Uluslararası ilişkiler |
| Kronolojik Alt Bölümü | Komisyon raporları |
| 650 ## - KONU KATMA GİRİŞ - TOPİKAL DÖNEM | |
| Topikal Süreli Veya Coğrafi Ad Giriş Elemanı | Arap Baharı |
| Genel Alt Bölümü | Komisyon raporları |
| Coğrafi Alt Bölümü | Suriye |
| 650 ## - KONU KATMA GİRİŞ - TOPİKAL DÖNEM | |
| Topikal Süreli Veya Coğrafi Ad Giriş Elemanı | Ortadoğu sorunu |
| Genel Alt Bölümü | Komisyon raporları |
| 650 ## - KONU KATMA GİRİŞ - TOPİKAL DÖNEM | |
| Topikal Süreli Veya Coğrafi Ad Giriş Elemanı | Atatürk devrimleri |
| Genel Alt Bölümü | Arap ülkeleri |
| 942 ## - EKLENDİ GİRİŞ ELEMANLARI (KOHA) | |
| Sınıflandırma Veya Raf Düzeni Kaynak | Dewey Decimal Classification |
| Koha Öğesi Türü | Books |
| 999 ## - SİSTEM KONTROL NUMARALARI (KOHA) | |
| Koha Biblionumber | 9363 |
| Koha Biblioitemnumber | 9363 |
| Kalıcı Konum | Mevcut Konum | Edinme Tarihi | Edinim Kaynak | Toplam Check-Out'Lar | Tam Çağrı Numarası | Barkod | Tarih Son Görülme | Kopya Sayısı | İtibaren Geçerli Fiyatlar | Koha Öğesi Türü |
|---|---|---|---|---|---|---|---|---|---|---|
| CHP Kütüphanesi | CHP Kütüphanesi | 09/09/2016 | Bağış | CHP 303.4 E25a [t.y] | 003433 | 09/09/2016 | k.6 | 09/09/2016 | Books | |
| CHP Kütüphanesi | CHP Kütüphanesi | 09/09/2016 | Bağış | CHP 303.4 E25a [t.y] | 005058 | 09/09/2016 | 09/09/2016 | Books | ||
| CHP Kütüphanesi | CHP Kütüphanesi | 09/09/2016 | Bağış | CHP 303.4 E25a [t.y] | 005059 | 09/09/2016 | k.2 | 09/09/2016 | Books | |
| CHP Kütüphanesi | CHP Kütüphanesi | 09/09/2016 | Bağış | CHP 303.4 E25a [t.y] | 005060 | 09/09/2016 | k.3 | 09/09/2016 | Books | |
| CHP Kütüphanesi | CHP Kütüphanesi | 09/09/2016 | Bağış | CHP 303.4 E25a [t.y] | 005061 | 09/09/2016 | k.4 | 09/09/2016 | Books | |
| CHP Kütüphanesi | CHP Kütüphanesi | 10/18/2016 | Bağış | CHP 303.4 E25a [t.y] | 005825 | 10/18/2016 | k.7 | 10/18/2016 | Books |
